000 00588nam a22002297a 4500
003 UA-OsUOA
001 123248
007 ta
008 20170612b un ||||| |||| 00| 0 ukr d
100 _aОруэлл Дж.
090 _a821.111
_bО-70
942 _cBK
040 _aUA-OsUOA
_brus
_cUA-OsUOA
_dUA-OsUOA
245 _aЭссе. Статьи. Рецензии.
300 _a314 С.
955 _a3
041 _arus
080 _a821.111
260 _aМ.
_bКапик
_c1992
650 7 _a82 Література. Літературознавство
_2UDC
999 _c410144
_d410144